Les Voitures neuves les plus vendues en France - Statistiques

Statistiques générales
  • Ce quiz a été pris 259 fois
  • Le résultat moyen est 9 sur 20
Statistiques - réponses
Marque de la voiture Nombres d'unités vendues Modèle % Correct
Renault 14 529 Clio
93%
Dacia 23 672 Sandero
87%
Peugeot 13 345 208
85%
Dacia 10 840 Duster
84%
Tesla 9 203 Model Y
73%
Fiat 6 498 500
69%
Volkswagen 6 269 Polo
65%
Toyota 6 738 Yaris
61%
Citroën 6 264 C3
55%
Peugeot 8 813 2008
50%
Renault 4 927 Twingo
36%
Renault 9 952 Captur
34%
Dacia 11 010 Spring
24%
Volkswagen 4 376 T-Roc
20%
Ford 5 917 Puma
15%
Dacia 8 186 Jogger
12%
Renault 7 236 Austral
10%
Toyota 8 254 Yaris Cross
8%
MG 4 568 MG4
7%
XXXX 6 717 Mini
2%
Aucun quiz correspondant
Distribution des résultats
% des personnes avec chaque résultat
Percentile par nombre de réponses
Votre historique - résultats
Vous n’avez pas pris ce quiz